| 000 | 00472nam a2200169Ia 4500 | ||
|---|---|---|---|
| 008 | 240729s9999 xx 000 0 und d | ||
| 022 | _a2665-9360 | ||
| 245 | 0 | _aJournal of Orthopaedic Diseases and Traumatology | |
| 260 | _aIndia | ||
| 260 | _bWolters Kluwer Medknow Publications | ||
| 650 | _a Orthopedic surgery | ||
| 650 | _a Surgery | ||
| 650 | _aMedicine | ||
| 856 | _uhttps://doaj.org/toc/8928bd6bd3fd481f9a9e2bc1e9815753 | ||
| 942 | _2ddc | ||
| 942 | _cDOAJEJ | ||
| 999 |
_c68647 _d68647 |
||
| 945 |
_a1 _bMadushi Gamage _c1 _dMadushi Gamage |
||